| 000 | 00827cam a2200241 a 4500 | ||
|---|---|---|---|
| 001 | 000002780 | ||
| 005 | 20200929150244.0 | ||
| 008 | 000828r1999 ck a b 001 p spa | ||
| 020 | _a9582003529 | ||
| 020 | _a9582000503 | ||
| 040 |
_aDO-SdBNP _bspa _cBNPHU |
||
| 082 |
_a371.3 _bA573e |
||
| 100 | 1 |
_aAndricaín, Sergio, _d1956- _98764 |
|
| 245 | 1 | 0 |
_aEscuela y poesía : _b¿ y qué hago con el poema? / _cSergio Andricaín y Antonio Orlando Rodríguez. |
| 260 |
_aBogotá : _bMagisterio, _c1999. |
||
| 300 |
_a157 p. : _bil. ; _c21 cm. |
||
| 440 | 0 |
_aMesa redonda ; _v59 _98765 |
|
| 504 | _aIncluye referencias bibliográficas (p. 143-152). | ||
| 650 | 4 |
_aPoesía hispanoamericana _xEnseñanza _98766 |
|
| 650 | 4 |
_aArte de escribir poesía _98767 |
|
| 700 | 1 |
_aRodríguez, Antonio Orlando, _d1956- _98768 |
|
| 910 | _aEn proceso | ||
| 999 |
_c2614 _d2614 |
||